| 000 | 00462nam a2200121Ia 4500 | ||
|---|---|---|---|
| 008 | 220620s9999||||xx |||||||||||||| ||und|| | ||
| 100 | _aAgostinone-Wilson, Faith | ||
| 245 | 0 | _aEnough Already! A Socialist Feminist Response to the Re-emergence of Right Wing Populism and Fascism in Media | |
| 546 | _aEnglish[eng] | ||
| 650 | _aEducation | ||
| 856 | _uhttps://library.oapen.org/bitstream/20.500.12657/38111/1/9789004424531_webready_content_text.pdf | ||
| 942 | _cEB | ||
| 999 |
_c30175 _d30175 |
||